| 000 | 00537nam a2200193Ia 4500 | ||
|---|---|---|---|
| 005 | 20250508165603.0 | ||
| 008 | 008 250505s9999 xx 000 0 eng d | ||
| 037 | _aReference | ||
| 040 |
_aFEDL _beng _cFEDL |
||
| 041 |
_aeng _2eng |
||
| 084 |
_a001.42, GAU/RR _qFEDL |
||
| 100 | _aGauch Hugh G | ||
| 245 | 0 | _aScientific method in brief | |
| 260 |
_aEdinburg, UK _bCambridge University Press _c2012 |
||
| 300 | _axvii, 288p. | ||
| 365 |
_aGBP _b29.99 |
||
| 942 |
_cREF _h001.42, GAU/RR |
||
| 999 |
_c1396020 _d1396020 |
||